Statistics for Video Games A-Z

Click here to take the quiz!

General Stats

  • This quiz has been taken 31,842 times
  • The average score is 16 of 26

Answer Stats

LetterClueAnswer% Correct
DApe who throws barrels at MarioDonkey Kong
94%
AAsylum where the Joker is heldArkham
87%
ZPrincess that Link must rescueZelda
87%
YMario's dinosaur mountYoshi
83%
HBest-selling XBox franchiseHalo
81%
EGame company, EA for shortElectronic Arts
78%
UMakers of Assassin's CreedUbisoft
77%
KPink character that can inhale
things to gain their powers
Kirby
76%
TLoyal minion of Princess PeachToad
76%
VGrand Theft Auto's version of MiamiVice City
72%
RClank's platonic life partnerRatchet
66%
SThe main character from MetroidSamus
63%
LBuxom archaelogistLara Croft
62%
BGame set in the underwater
city of Rapture
BioShock
61%
FWhy did the amphibian cross
the road?
Frogger
61%
XSkywalker's spacecraftX-Wing
59%
WBattle Mecha-Hitler in this early
first-person shooter
Wolfenstein 3D
57%
PGame franchise set in a world that
resembles Arabian Nights
Prince of Persia
56%
MName for a non-player character
in Minecraft
Mob
49%
CFemale Street Fighter characterChun-Li
47%
JDaxter is his side-kickJak
45%
IThe blue Pac-Man ghostInky
43%
ODull, vicious Warcraft race
that says "Zug Zug"
Orcs
43%
QHop up and down a pyramid in
this game from 1982
Q*bert
31%
GSega's version of the Game BoyGame Gear
29%
NHe's heating up. He's ON FIRE!!!NBA Jam
26%

Score Distribution

Percentile by Number Answered

Percent of People with Each Score

Your Score History

You have not taken this quiz